Prowincje Turcji graniczące z Syrią - Statystyki

Ogólne statystyki
  • Ten quiz został rozwiązany 6 razy
  • Średni wynik to 3 z 6
Statystyki odpowiedzi
Prowincja % Poprawnych
Hatay
83%
Gaziantep
67%
Mardin
50%
Sanliurfa
33%
Kilis
17%
Sirnak
17%
Nie znaleziono quizów pasujących do podanych kryteriów
Rozkład punktacji
Procent ludzi z każdym wynikiem
Percentyl według liczby udzielonych odpowiedzi
Twoja historia wyników
Nie rozwiązałeś tego quizu